[Event "BCF-chT3 1415 (4NCL)"]
[Site "England"]
[Date "2015.05.02"]
[Round "9.170"]
[White "Smith, Steve"]
[Black "Harvey, John N"]
[Result "0-1"]
[WhiteElo "1751"]
[BlackElo "1832"]
[PlyCount "68"]
[EventDate "2015.03.21"]
[EventType "team-swiss"]
[EventRounds "11"]
[EventCountry "ENG"]
[SourceTitle "EXT 2016"]
[Source "ChessBase"]
[SourceDate "2015.10.08"]
[SourceVersion "1"]
[SourceVersionDate "2015.10.08"]
[SourceQuality "1"]
[WhiteTeam "West is Best II"]
[BlackTeam "Leeds University Old Boys"]
[WhiteTeamCountry "ENG"]
[BlackTeamCountry "ENG"]

1. e4 c5 2. c3 e6 3. d4 d5 4. e5 Nc6 5. Nf3 Nge7 6. a3 Nf5 7. b4 cxd4 8. cxd4 Qb6 9. Bb2 Bd7 10. Be2 Be7 11. 0-0 f6 12. g4 Nh6 13. h3 Nf7 14. exf6 gxf6 15. Nc3 0-0-0 16. Rc1 a6 17. Na4 Qc7 18. Nc5 h5 19. Nxa6 bxa6 20. Bxa6+ Kb8 21. b5 hxg4 22. bxc6 gxf3 23. Qxf3 Rdg8+ 24. Kh1 Ng5 25. Qb3+ Ka7 26. Rc3 Bxc6 27. Bb5 Nxh3 28. Rxh3 Rxh3+ 29. Qxh3 Bxb5 30. Rc1 Qb8 31. Qc3 Rh8+ 32. Kg2 Qh2+ 33. Kf3 Rh3+ 34. Kg4 Be2+ 0-1